Význam zelenej ekonomiky v kontexte zeleného rastu

Trvale udržateľný rozvoj predstavuje vývoj ľudskej spoločnosti s ohľadom na zachovanie životného prostredia pre budúce generácie. Článok je zameraný na strategické priority s cieľom dosahovania ekonomického rastu spolu s ekológiou a kvantifikáciou nepriamych účinkov. Popisuje multi-kriteriálnu rozho...

Descrizione completa

Salvato in:
Dettagli Bibliografici
Autore principale: Kočner, Marián
Altri autori: Šabíková, Ingrid, Čiernik, Anton
Natura: Capitolo di libro
Lingua:slovacco
Soggetti:
Tags: Aggiungi Tag
Nessun Tag, puoi essere il primo ad aggiungerne!!

MARC

LEADER 00000nla a2200000 4500
001 0206648
005 20240502073431.0
041 0 |a slo 
044 |a SK 
245 1 0 |a Význam zelenej ekonomiky v kontexte zeleného rastu  |c Marián Kočner, Ingrid Šabíková, Anton Čiernik 
520 |a Trvale udržateľný rozvoj predstavuje vývoj ľudskej spoločnosti s ohľadom na zachovanie životného prostredia pre budúce generácie. Článok je zameraný na strategické priority s cieľom dosahovania ekonomického rastu spolu s ekológiou a kvantifikáciou nepriamych účinkov. Popisuje multi-kriteriálnu rozhodovaciu analýzu, ktorá berie do úvahy nepriame efekty vo forme environmentálnych hľadísk. V závere článku sú uvedené prínosy výskumu. 
610 2 0 |a rozvoj hospodársky 
610 2 0 |a politika hospodárska 
610 2 0 |a rozvoj trvalo udržateľný 
610 2 0 |a ekológia 
610 2 0 |a analýza rozhodovacia 
610 2 0 |a Slovensko 
610 2 0 |a Európska únia 
610 2 0 |a konvergencia 
100 1 |a Kočner, Marián 
700 1 |a Šabíková, Ingrid 
700 1 |a Čiernik, Anton